Advance dictionary of american english (Registro nro. 13268)

Detalles MARC
000 -Cabecera
Campo de control de longitud fija 00519nam a22002177a 4500
005 - Fecha y hora de la última transacción
Campo de control 20250207163958.0
008 - Elementos de longitud fija--Información general
Campo de control de longitud fija 220317b2007 xxu||||| |||| 00| 0 spa d
020 ## - International Standard Book Number
Número Internacional Estándar del Libro (ISBN) 9781424003631
041 ## - Idioma
Código de idioma Inglés
082 ## - Clasificación Decimal Dewey
Número de clasificación R 423 A244a5
245 ## - Título propiamente dicho
Título Advance dictionary of american english
250 ## - Edición
Mención de edición 5 Edición
260 ## - Pie de imprenta
Lugar de publicación, distribución, etc. Estados Unidos
260 ## - Pie de imprenta
Nombre del editor, distribuidor, etc. Collins Cobuild
260 ## - Pie de imprenta
Fecha de publicación, distribución, etc. 2007
300 ## - Descripción física
Extensión 1591 páginas
650 ## - Materia general
Temática (materia general) DICCIONARIOS
650 ## - Materia general
Temática (materia general) VOCABULARIO
650 ## - Materia general
Temática (materia general) INGLÉS
942 ## - Punto de acceso adicional KOHA
Tipo de ítem KOHA Referencia
Fuente del sistema de clasificación o colocación Dewey Decimal Classification
Existencias
Signatura completa Código de barras Tipo de ítem
R 423 A244a5 14413 Referencia